Normale Ansicht MARC-Ansicht ISBD

Istoričeskie dokumenty i aktual'nye problemy archeografii, istočnikovedenija, rossijskoj i vseobščej istorii Novogo i novejšego vremeni ; sbornik materialov Sed'moj meždunarodnoj konferencii molodych učenych i specialistov "Clio-2017" / (Titelsatznr. 52782)

[ MARC ]
MARC-Details
000 -Satzkennung
Kontrollfeld mit fester Länge 00850nam a22002051c 4500
001 - Kontrollnummer
Kontrollfeld a987691236
008 - Feld mit fester Länge zur physischen Beschreibung - Allgemeine Angaben
Kontrollfeld mit fester Länge 190207s2017 gw |||| 000u rus d
020 ## - Internationale Standardbuchnummer
Internationale Standardbuchnummer 9785824321142
Verknüpfung 978-5-8243-2114-2
041 ## - Sprachcode
Sprachcode des Textes/der Tonspur oder des separaten Titels rus
040 ## - Katalogisierungsquelle
Übertragungsstelle RU-10907106
003 - Kontrollnummer Identifier
Kontrollfeld RU-10907106
245 00 - Titel
Titel Istoričeskie dokumenty i aktual'nye problemy archeografii, istočnikovedenija, rossijskoj i vseobščej istorii Novogo i novejšego vremeni ; sbornik materialov Sed'moj meždunarodnoj konferencii molodych učenych i specialistov "Clio-2017" /
Verfasserangabe etc. Otvetstvennyj redaktor S.A. Kotov
264 ## - Produktion, Veröffentlichung, Distribution, Herstellung und Urheberrechtsvermerk
Herstellungs-, Veröffentlichungs- Vertriebs-, Erzeugungsort Moskva :
Produzent, Herausgeber, Distributor, Hersteller ROSSPEN,
Datum der Herstellung, der Veröffentlichung, des Vertriebs oder des Urheberschutzvermerks 2017
300 ## - Physische Beschreibung
Umfang 582 Seiten
650 #0 - Nebeneintragung unter einem Schlagwort - Sachschlagwort
Sachschlagwort oder geografischer Name als Eintragungselement Bürgerkrieg
700 1# - Nebeneintragung - Personenname
Personenname Sorokin, Andrej Konstantinovič
Funktionsbezeichnung HerausgeberIn
700 1# - Nebeneintragung - Personenname
Personenname Kotov, S.A.
Funktionsbezeichnung HerausgeberIn
710 2# - Nebeneintragung - Körperschaftsname
Körperschafts- oder Gebietskörperschaftsname als Eintragungselement Rossijskij gosudarstvennyj archiv social'no-politiceskoj istorii
942 ## - Zusätzliche Felder (Koha)
Koha-Medientyp Monographien
Exemplare
Ausgeschieden Verloren Klassifikation oder Aufstellungssystematik Beschädigt Nicht entleihbar Heimatbibliothek Aufenthaltsbibliothek Aufstellungsort Erwerbungsdatum Inventarnummer Signatur Barcode Letzte Aktivität Preis gültig von Koha-Medientyp
    Andere/Generische Klassifikation     MWN Osteuropa MWN Osteuropa Lesesaal 07/02/2019 19-00121 G 40 aR Clio (7/2017) E00401506CBE0C75 23/02/2021 22/03/2021 Monographien